Overteur, Nr. 2 : à Due Violini, Alto Viola con Basso /
| Hlavní autor: | Neruda, Jan Křtitel Jiří, asi 1707-1780 |
|---|---|
| Jazyk: | Nelze použít, není lingvistický obsah |
| Vydáno: |
[1780?] |
| Témata: | |
| Externí odkaz: |
Zobrazení hudebního incipitu
Zobrazení hudebního incipitu Zobrazení hudebního incipitu |
| Fyzický popis: |
4 hlasy |
| LEADER | 02305ndm a2200481 i 4500 | ||
|---|---|---|---|
| 001 | 000830748 | ||
| 003 | CZ BrMZK | ||
| 005 | 20181102153553.0 | ||
| 007 | qu | ||
| 008 | 061024s1780 xr syzefa zxx d | ||
| 031 | |a 01 |b 01 |c 01 |d Allegro |m vl 1 |g G-2 |n bB |o c |p '4FC8-{FA''C}/{FDC'B}{AFA''C}/6({FGA})({'BAG}){AB''CD}4C/ |r F |2 pe | ||
| 031 | |a 01 |b 02 |c 01 |d Andante |m vl 1 |g G-2 |n bB |o 3/8 |p {'8FAB}/''C4C/{6GC}4C/{6AC}4C/{'8BAG}/{6(AGF)8F}-/ |r F |2 pe | ||
| 031 | |a 01 |b 03 |c 01 |d Allegro assai |m vl 1 |g G-2 |n bB |o 2/4 |p {''8C'6AB}{8''CC}/4CF/{8D6'B''C}{8DD}/4DF/ |r F |2 pe | ||
| 040 | |a BOA001 |b cze |c BOA001 |d BOA001 |e rda | ||
| 072 | 7 | |a 787 |x Hudba pro strunné a smyčcové nástroje |2 Konspekt |9 9 | |
| 080 | |a (0.035.22)78 |2 MRF | ||
| 080 | |a (0.032)78 |2 MRF | ||
| 100 | 1 | |a Neruda, Jan Křtitel Jiří, |d asi 1707-1780 |7 jn20020322001 |4 cmp | |
| 240 | 1 | 0 | |a Symfonie, |m housle (2), viola, continuo, |r F dur |
| 245 | 1 | 0 | |a Overteur, Nr. 2 : |b à Due Violini, Alto Viola con Basso / |c Del Sig.re Neruda |
| 264 | 1 | |c [1780?] | |
| 300 | |a 4 hlasy | ||
| 336 | |a zápis hudby |b ntm |2 rdacontent | ||
| 337 | |a bez média |b n |2 rdamedia | ||
| 338 | |a list |b nb |2 rdacarrier | ||
| 340 | |d Rukopis | ||
| 382 | 0 | |p housle |n 2 |a viola |n 1 |a continuo |e 1 |r 1 |t 1 | |
| 384 | 0 | |a F dur | |
| 533 | |a Mikrofilm. |d [1945?]. |e 2 mikrofilmové svitky (12 políček) ; 35 mm. |5 CZ-Bu | ||
| 561 | 1 | |a Provenience: Doksy, zámecká knihovna Valdštejnů, N. 2 |5 CZ-Bm | |
| 561 | 1 | |a Provenience: Praha, archiv dr. Antonína Němce, M. 121 |5 CZ-Bu | |
| 588 | |a Popsáno podle mikrofilmu | ||
| 655 | 7 | |a hlasy |7 fd186703 |2 czenas | |
| 655 | 7 | |a hudební mikrofilmy |7 fd118676 |2 czenas | |
| 655 | 7 | |a hudební rukopisy |7 fd278469 |2 czenas | |
| 787 | 0 | 8 | |i Rukopis : |t Overteur a Due Violini, Alto Viola. Con Basso |g RKPMus-0691.716 |
| 856 | 4 | 1 | |u http://audioserver.mzk.cz/incipity/png/000830748-010101.png |y Zobrazení hudebního incipitu |
| 856 | 4 | 1 | |u http://audioserver.mzk.cz/incipity/png/000830748-010201.png |y Zobrazení hudebního incipitu |
| 856 | 4 | 1 | |u http://audioserver.mzk.cz/incipity/png/000830748-010301.png |y Zobrazení hudebního incipitu |
| 910 | |a BOA001 |b Skř.17-0525.574 | ||
| 990 | |a MU | ||
| 991 | |b 200610 | ||
| 996 | 6 | |b 2619630374 |c Skř.17-0525.574 |l Stud. starých tisků/4.patro |r Sklad / do násl. otevíracího dne |n 0 |w 000830748 |u 000010 |a 1 |e BOA001 |j MZK50 |s P | |
English
Čeština 